| 000 | 00857nam a2200157 a 4500 | ||
|---|---|---|---|
| 008 | 101201s2010 ||||||||||||||||| || u | ||
| 020 | _a9789211170283 | ||
| 050 | _aUNECE(02) | ||
| 110 | _aUnited Nations Economic Commission for Europe (UNECE) | ||
| 245 | 1 | 0 |
_aGuidelines on the setting of targets, evaluation of progress and reporting: protocol on water and health to the convention on the protection and use of transboundary watercources and international lakes _cby United Nations Economic Commission for Europe [UNECE] |
| 260 |
_aGeneva: _bUnited Nations Economic Commission for Europe (UNECE) _c2010 |
||
| 300 | _axiv, 51p.: ill. | ||
| 350 | _a0.00 | ||
| 650 | _aWATER RESOURCES DEVELOPMENT--ACCOUNTING | ||
| 995 |
_FCBU-MAIN LIBRARY (Kitwe) _I0.00 _M1 _UAVAILABLE _WJul 12, 2013 _ZInternational Publications |
||
| 999 |
_c45186 _d45186 |
||